Statistics for Rainbow Six Siege Quiz

Click here to take the quiz!

General Stats

  • This quiz has been taken 17,892 times
    (17,879 since last reset)
  • The average score is 5 of 9

Answer Stats

QuestionAnswer% Correct
Which operator gives armor to all his team?Rook
99%
True or False: Jager has shock wires.False
98%
Which attacker is the only one that can destroy reinforced walls?Thermite
95%
What was the name of the first DLC (Not operators)?Black Ice
57%
Which operator has a shield but it only covers their head?Blackbeard
52%
Which CTU does Fuze belong to?Spetsnaz
47%
What map has the Arsenal Room?Club House
46%
Which map has only 5 cameras?Plane
26%
Which common gadget was just added for the defenders (Patch 4.2)?Impact Grenades
14%

Score Distribution

Percentile by Number Answered

Percent of People with Each Score

Your Score History

You have not taken this quiz since the last reset